150 and more basic NMR experiments: a practical course by S Braun and REFs (Record no. 69136)

MARC details
000 -LEADER
fixed length control field 01116nam a2200337Ia 4500
003 - CONTROL NUMBER IDENTIFIER
control field OSt
005 - DATE AND TIME OF LATEST TRANSACTION
control field 20220912151450.0
008 - FIXED-LENGTH DATA ELEMENTS--GENERAL INFORMATION
fixed length control field 220909b |||||||| |||| 00| 0 eng d
020 ## - INTERNATIONAL STANDARD BOOK NUMBER
International Standard Book Number 3527295127 (pbk)
037 ## - SOURCE OF ACQUISITION
Terms of availability Textual
040 ## - CATALOGING SOURCE
Original cataloging agency CSL
Language of cataloging eng
Transcribing agency CSL
041 ## - LANGUAGE CODE
Language code of text/sound track or separate title eng
100 ## - MAIN ENTRY--PERSONAL NAME
Personal name Braun S
245 #0 - TITLE STATEMENT
Title 150 and more basic NMR experiments: a practical course by S Braun and REFs
250 ## - EDITION STATEMENT
Edition statement Ed 2
260 ## - PUBLICATION, DISTRIBUTION, ETC.
Place of publication, distribution, etc. Weinheim
Name of publisher, distributor, etc. Wiley-VCH
Date of publication, distribution, etc. 1998
300 ## - PHYSICAL DESCRIPTION
Extent 596p
500 ## - GENERAL NOTE
General note Appendix 1-2, 575-580p; Glossary and Index 581-596p; ^n23/CSL/E-IX Plan/98-99/6860^d1998-12-28^mPurchase; ; 98-99/496^b1999-01-12^cEBA/206^d1999-01-11^eEducationalBook Agency (India); ; 1999-01-28^c1999-02-26^r1999-05-07
650 ## - SUBJECT ADDED ENTRY--TOPICAL TERM
Topical term or geographic name entry element Analytical
650 ## - SUBJECT ADDED ENTRY--TOPICAL TERM
Topical term or geographic name entry element Nuclear magnetic resonance
650 ## - SUBJECT ADDED ENTRY--TOPICAL TERM
Topical term or geographic name entry element Chemistry
700 ## - ADDED ENTRY--PERSONAL NAME
Personal name Berger S
700 ## - ADDED ENTRY--PERSONAL NAME
Personal name Kalinowski H -O
942 ## - ADDED ENTRY ELEMENTS (KOHA)
Classification part E:3,G7, N8
Koha item type Textual
Source of classification or shelving scheme Colon Classification (CC)
Holdings
Withdrawn status Lost status Damaged status Not for loan Home library Current library Date acquired Source of acquisition Total Checkouts Full call number Barcode Date last seen Price effective from Koha item type
        Central Science Library Central Science Library 2022-09-12 Educational,   E:3,G7 N8 SL1174465 2022-09-12 2022-09-12 Textual
Copyright @ Delhi University Library System